000 00910cam a2200265 4500
999 _c22027
_d22027
001 3191840
003 BDDh-ASL
005 20231015030057.0
008 700710s1969 ii ach b 001 0 eng
010 _a 76907926
040 _aDLC
_cDLC
_dDLC
_dBDDh-ASL
050 0 0 _aLG169
_b.A4552
082 _a954.03
_bBHH
100 1 _aBhatnagar, Shyam Krishna,
_d1909-
245 1 0 _aHistory of the M.A.O. College, Aligarh /
_c[by] S. K. Bhatnagar.
260 _aBombay :
_bPublished for] Sir Syed Hall, Aligarh Muslim University [by] Asia Pub. House,
_c[1969]
300 _axx, 373 p. :
_billus. facsim., port.
_c25 cm.
350 _a35.00
440 0 _aSir Syed Hall publication,
_vno. 1
504 _aIncludes bibliographical references.
610 2 0 _aAligarh Muslim University
_xHistory.
710 2 _aAligarh Muslim University.
906 _a7
_bcbc
_corignew
_d4
_encip
_f19
_gy-gencatlg
942 _2ddc
_cBK